header

The written poem (Record no. 40488)

MARC details
000 -LEADER
fixed length control field 01722nam a2200409Ia 4500
082 04 - DEWEY DECIMAL CLASSIFICATION NUMBER
Classification number 821.009
100 1# - MAIN ENTRY--AUTHOR NAME
Personal name Huisman, Rosemary,
245 14 - TITLE STATEMENT
Title The written poem
260 ## - PUBLICATION, DISTRIBUTION, ETC. (IMPRINT)
Place of publication London ;
-- New York :
Name of publisher Cassell,
Year of publication 1998.
300 ## - PHYSICAL DESCRIPTION
Number of Pages viii, 184 p.
650 #0 - SUBJECT ADDED ENTRY--TOPICAL TERM
Topical Term English poetry
Topical Term English poetry
Topical Term English language
Topical Term Commonwealth poetry (English)
Topical Term American poetry
Topical Term English language
Topical Term Semiotics and literature.
Topical Term Literary form.
Topical Term Poetics.
856 40 - ELECTRONIC LOCATION AND ACCESS
Uniform Resource Identifier http://site.ebrary.com/lib/rucke/Doc?id=10224660

No items available.

© 2026 Rongo University
Contact us: librarian | system librarian | Rongo university